• 首页
  • 本馆介绍
  • 公告通知
  • 最新文献
  • 馆藏检索
  • 电子资源
  • 读者导购
  • 参考咨询
  • 我的图书馆
  • 登录
  • 详细信息显示
  • 放入我的书架
  • 预约/预借图书
  • 作者相关作品
  • 分类相关作品
  • 丛书相关作品
  • 出版社相关作品

书目信息

  • 表格格式
  • 工作单格式
  • 卡片格式
题名:
芳香药物植物
    
 
作者: 陈策 , 任安详 , 王羽梅 主编
分册:  
出版信息: 武汉   华中科技大学出版社  2013.01
页数: 302页
开本: 29cm
丛书名:
单 册:
中图分类: R282.71
科图分类:
主题词: 香料植物--药用植物 , 香料植物 , 药用植物
电子资源:
ISBN: 978-7-5609-8299-1
000 01062nam0 2200301 450
001 010050027392
005 20140611152235.50
010    @a978-7-5609-8299-1@b精装@dCNY240.00(USD47.99)
100    @a20130416d2013 em y0chiy50 ea
101 0  @achi
102    @aCN@b420000
105    @aa z 000yy
106    @ar
200 1  @a芳香药物植物@9fang xiang yao wu zhi wu@dMedicinal and aromatic plants@f陈策,任安详,王羽梅主编@zeng
210    @a武汉@c华中科技大学出版社@d2013.01
215    @a302页@c图@d29cm
330    @a本书翔实地记录了448种芳香药用植物,每种植物的文字说明包含了植物的中文名、别名、药名、拉丁名、形态特征、主要芳香成分以及药用等,每种植物都配有精美的彩图。
333    @a芳香药用植物研究人员
510 1  @aMedicinal and aromatic plants@zeng
606 0  @a香料植物@x药用植物
606 0  @a香料植物
606 0  @a药用植物
690    @aR282.71@v5
701  0 @a陈策@9chen ce@4主编
701  0 @a任安详@9ren an xiang@4主编
701  0 @a王羽梅@9wang yu mei@4主编
801  0 @aCN@b人天书店@c20130416
905    @b548774-76@dR282.71@e322@f3
    
    芳香药物植物=Medicinal and aromatic plants/陈策,任安详,王羽梅主编.-武汉:华中科技大学出版社,2013.01
    302页:图;29cm
    使用对象:芳香药用植物研究人员
    
    ISBN 978-7-5609-8299-1(精装):CNY240.00(USD47.99)
    本书翔实地记录了448种芳香药用植物,每种植物的文字说明包含了植物的中文名、别名、药名、拉丁名、形态特征、主要芳香成分以及药用等,每种植物都配有精美的彩图。
●
相关链接 在E读中查询图书 在五车中查询图书 在当当中查询图书 在豆瓣中查询图书


正题名:芳香药物植物     索取号:R282.71/322         预约/预借

序号 登录号 条形码 馆藏地/架位号 状态 备注
1 548774   205487748   第二样本阅览室/ [索取号:R282.71/322] 在馆    
2 548775   205487757   第三借阅区/ [索取号:R282.71/322] 在馆    
3 548776   205487766   密集书库-生命科学系/ [索取号:R282.71/322] 在馆    
唐山师范学院图书馆 欢迎您!
大连网信软件有限公司© 版权所有